| 000 | 00827nam a2200229 a 4500 | ||
|---|---|---|---|
| 001 | BRCA_5067 | ||
| 005 | 20190320204926.0 | ||
| 008 | 091110s1955----gw-a######---#000-0#ger-# | ||
| 041 | _ager | ||
| 044 | _agw | ||
| 050 | 4 |
_aND588.B7 _b.B37 1955 |
|
| 245 | 1 | 0 |
_aBarthel Bruyn, 1493-1555 _bGesamtverzeichnis seiner Bildnisse und Altarwerke Gedachtnisausstellung aus anlass seines Vierhundertsten Todesjahres. |
| 260 |
_aColonia, Alemania _bWallraf-Richartz-Museum _c1955 |
||
| 300 |
_a71 p. _bil., 32 láminas _c24 cm. |
||
| 500 | _aIncluye índice de láminas | ||
| 500 | _aCatálogo de la exposición realizada en el Wallraf-Richartz-Museum (Colonia, Alemania) junio - agosto, 1955 | ||
| 500 | _aDD29 | ||
| 600 | 1 | 4 |
_aBruyn, Barthel _d1493-1555 _912922 |
| 650 | 1 | 4 |
_aPintores alemanes _9797 |
| 902 | _aGFM | ||
| 942 |
_2lcc _cB |
||
| 999 |
_c4761 _d4761 |
||